Ergenekon belgelerinde Fethullah Gülen ve cemaat / (Kayıt no. 13423)

MARC ayrıntıları
000 -BAŞLIK
Sabit Uzunlukta Kontrol Alanı 00837nam a22002657a 4500
999 ## - SİSTEM KONTROL NUMARALARI (KOHA)
Koha Biblionumber 13423
Koha Biblioitemnumber 13423
003 - KONTROL NUMARASI IDENTIFIER
Denetim Alanı MIRAKIL
005 - SON İŞLEM TARİHİ VE ZAMANI
Denetim Alanı 20211214000615.0
008 - SABİT-BOY VERİ ELEMANLARI - GENEL BİLGİLER
Sabit Uzunlukta Kontrol Alanı 190719b tu ||||| |||| 00| 0 tur d
020 ## - ULUSLARARASI STANDART KİTAP NUMARASI
Uluslararası Standart Kitap Numarası 9789944298957
040 ## - KATALOGLAMA KAYNAK
Orijinal Kataloglama Ajansı TR-AnCHP
Metne Dönüştürmek Ajansı TR-AnCHP
041 ## - DİL KODU
Metin / Ses Parça Veya Ayrı Başlığın Dil Kodu tur
082 ## - DEWEY ONLU SINIFLANDIRMA NUMARASI
Sınıflandırma Numarası 320.9561
Ürün Numarası Ş35e 2013
100 1# - ANA GİRİŞ - KİŞİSEL İSİM
Kişisel Ad Şener, Nedim
245 10 - BAŞLIK TABLOSU
Başlık Ergenekon belgelerinde Fethullah Gülen ve cemaat /
Sorumluluk Tablosu, Vb Nedim Şener.
250 ## - EDITION TABLOSU
Baskı Beyanı 14. bs.
260 ## - YAYIN, DAĞITIM, VB
Yayın, Dağıtım, Vb Yeri İstanbul :
Yayıncı, Dağıtıcı, Vs Adı Destek yayınları,
Yayın, Dağıtım, Vb Tarihi 2013.
300 ## - FİZİKSEL TANIM
Kapsam 288 s.:
Boyutlar 21 sm.
490 0# - SERİSİ TABLOSU
Seri Beyanı Destek yayınları;
-- Araştırma/ İnceleme ;
Hacim / Ardışık Tanımı 104.
-- 14.
600 #0 - KONU KATMA GİRİŞ - KURUMSAL ADI
9 (RLIN) 5896
Kişisel Ad Gülen, Fethullah
Bir Adıyla İlişkilendirilen Tarihler 1941-
650 #0 - KONU KATMA GİRİŞ - TOPİKAL DÖNEM
9 (RLIN) 5069
Topikal Süreli Veya Coğrafi Ad Giriş Elemanı İslam ve siyaset
Coğrafi Alt Bölümü Türkiye
650 #0 - KONU KATMA GİRİŞ - TOPİKAL DÖNEM
Topikal Süreli Veya Coğrafi Ad Giriş Elemanı Siyaset ve yönetim
Genel Alt Bölümü Türkiye
9 (RLIN) 9
650 #0 - KONU KATMA GİRİŞ - TOPİKAL DÖNEM
9 (RLIN) 462
Topikal Süreli Veya Coğrafi Ad Giriş Elemanı Gülen Cemaati
Genel Alt Bölümü İşlenen suçlar
650 #0 - KONU KATMA GİRİŞ - TOPİKAL DÖNEM
9 (RLIN) 5897
Topikal Süreli Veya Coğrafi Ad Giriş Elemanı Ergenekon
942 ## - EKLENDİ GİRİŞ ELEMANLARI (KOHA)
Sınıflandırma Veya Raf Düzeni Kaynak Dewey Decimal Classification
Koha Öğesi Türü Kitaplar
Mevcut
Kalıcı Konum Mevcut Konum Edinme Tarihi Toplam Check-Out'Lar Tam Çağrı Numarası Barkod Tarih Son Görülme İtibaren Geçerli Fiyatlar Sigara Kamu Notu Koha Öğesi Türü
CHP Kütüphanesi CHP Kütüphanesi 07/19/2019   320.9561 Ş35e 2013 019287 07/19/2019 07/19/2019 Ertuğrul Çepni bağışıdır. Kitaplar